000 00558nam a2200169 i 4500
001 92469
003 ES-MaACL
005 20230906180958.0
007 t|
008 050308s1966 sp ||||1| spa d
100 1 _aLindsay, Franklin A.
_972417
245 1 0 _aTécnicas modernas de gestión /
_cFranklin A. Lindsay; traducción, adaptación, anexos y prólogo, R. Companys Pascual.
260 _a[Barcelona :
_bSagitario,
_c1966]
300 _a197 p. :
_bil. ;
_c22 cm.
700 1 _aCompanys Pascual, Ramón.
_940043
852 _aES-MaACL
_jC-29870
_bR.60134
999 _c92469
_d92469